ბათუმის შოთა რუსთაველის სახელმწიფო უნივერსიტეტის ბიბლიოთეკა

Организация и экономика электромонтажного производства. (ბიბ.ჩანაწერი № 40839)

000 -LEADER
fixed length control field 00864nam a2200229Ia 4500
001 - CONTROL NUMBER
control field 7479
003 - CONTROL NUMBER IDENTIFIER
control field GE_BSU
008 - FIXED-LENGTH DATA ELEMENTS--GENERAL INFORMATION
fixed length control field 181216s||||||||xx |||||||||||||| ||und||
040 ## - CATALOGING SOURCE
Transcribing agency GE_BSU
080 ## - UNIVERSAL DECIMAL CLASSIFICATION NUMBER
Universal Decimal Classification number 621.313(035)
100 ## - MAIN ENTRY--PERSONAL NAME
Personal name Живов,М.С. Рубинштеин,Я.А.
245 ## - TITLE STATEMENT
Title Организация и экономика электромонтажного производства.
245 ## - TITLE STATEMENT
Remainder of title Справочник электромонтажника.
245 ## - TITLE STATEMENT
Statement of responsibility, etc. Под ред. А.Д.Смирнова, Б.А.Соколова и др.
250 ## - EDITION STATEMENT
Edition statement 2-е изд. перераб. и доп.
260 ## - PUBLICATION, DISTRIBUTION, ETC.
Place of publication, distribution, etc. М.
260 ## - PUBLICATION, DISTRIBUTION, ETC.
Name of publisher, distributor, etc. Энергоиздат.
260 ## - PUBLICATION, DISTRIBUTION, ETC.
Date of publication, distribution, etc. 1982.
300 ## - PHYSICAL DESCRIPTION
Extent 208 стр.19см.с илл.
653 ## - INDEX TERM--UNCONTROLLED
Uncontrolled term Организация и экономика электромонтажного производства.
942 ## - ADDED ENTRY ELEMENTS (KOHA)
Koha item type წიგნი
ეგზემპლარები
Withdrawn status Lost status Damaged status Not for loan Date acquired Barcode Date last seen Price effective from Koha item type
        2018-12-17 10155 2018-12-17 2018-12-17 წიგნი